000 00630nam a2200181Ia 4500
003 GCL
008 140319s9999 xx 000 0 ara d
040 _aGCL /
_cGCL
082 0 4 _a375.001
_bم ا
100 1 _aمحمود احمد شوقى
245 1 0 _aاساسيات المنهج الدراسى ومهماتة /
_cمحمود احمد شوقى
300 _a335 ص
490 _aسلسلة المناهج الدراسية وقف التوجية الاسلامى
_v0
650 0 4 _aالتعليم - مناهج
650 0 4 _aالمسرح التجارى - المغرب
650 0 4 _aالمناهج - تطوير
942 _2ddc
_cBK
999 _c41498
_d41498